Score 0/26 Timer 03:00
1 Play Today
% Correct
ALEUZ
91.6%
YAUG
90.5%
YAU
90.1%
OCI
89.4%
SARU
89.4%
AMA
89.2%
ANIT
88.7%
ACIA
88.6%
AIV
87.6%
AIBM
87.6%
ADA
87.1%
UR
86.1%
EZI
85.9%
% Correct
ROD
85.7%
LIZ
84.8%
SAM
84.6%
ITI
83.9%
AUGAR
83.9%
SODA
83.4%
ALAME
83.3%
ELI
83.2%
ANA
83.1%
ACIN
82.8%
AB
82.1%
EMAN
79.7%
ADAN
75.5%
Remove Ads.
Support Sporcle.
Get the best of Sporcle when you Go Orange. This ad-free experience offers more features, more stats, and more fun while also helping to support Sporcle. Thank you for becoming a member.

You're not logged in!

Compare scores with friends on all Sporcle quizzes.
OR
Log In

Show Comments

Extras

Top Quizzes Today


Score Distribution

Your Account Isn't Verified!

In order to create a playlist on Sporcle, you need to verify the email address you used during registration. Go to your Sporcle Settings to finish the process.

Report this User

Report this user for behavior that violates our Community Guidelines.

Details: